Score 0/18 Timer 04:00
0 Plays Today
Object Missing Word % Correct
Sorcerer's _____Stone
97.7%
_____ of FireGoblet
97.6%
Invisibility _____Cloak
95.2%
Sorting _____Hat
91%
Elder _____Wand
87%
_____ MapMarauder's
81.3%
Floo _____Powder
80.5%
_____ 2000Nimbus
80.4%
Mirror of _____Erised
70.4%
Object Missing Word % Correct
_____-TurnerTime
69.8%
_____ Stone Resurrection
59.9%
Vanishing _____ Cabinet
54.3%
Quick _____ QuillQuotes
42.2%
_____ of GloryHand
40.7%
_____ SnackboxesSkiving
37.3%
Foe-_____Glass
35.6%
Peruvian _____ Darkness PowderInstant
35.3%
_____ SensorSecrecy
17%

Today's Daily Dose

Word Ladder
I Have a Dream

Get the Picture
January Holidays

Remove Ads.
Support Sporcle.
Get the best of Sporcle when you Go Orange. This ad-free experience offers more features, more stats, and more fun while also helping to support Sporcle. Thank you for becoming a member.

You're not logged in!

Compare scores with friends on all Sporcle quizzes.
OR
Log In

Show Comments

Extras

Top Quizzes Today


Score Distribution

Your Account Isn't Verified!

In order to create a playlist on Sporcle, you need to verify the email address you used during registration. Go to your Sporcle Settings to finish the process.

Report this User

Report this user for behavior that violates our Community Guidelines.

Details: